000
00331nam a2200133Ia 4500
008
240624s9999 xx 000 0 und d
041
_a
eng
082
_a
658.452 KRO
100
_a
KROEHNERT GARY
245
_a
BASIC PRESENTATION SKILL
260
_c
2004
_a
New Delhi
_b
Tata McGrawhill
300
_a
vi, : 169 : cm. ; 27
365
_c
RS
999
_c
1989
_d
1989